Quizzes
Events
Quiz Creation
Community
Videos
Private Events
Remove Ads
Sign In
Join for FREE
Feedback
Dark Mode
Quiz Categories
Sports
Geography
Music
Movies
Television
Just For Fun
Miscellaneous
History
Literature
Language
Science
Gaming
Entertainment
Religion
Holiday
For Kids
Quiz Lab
Recent
Popular Today
Quiz Kudos Today
Editor Picks
Curator Picks
Quizzes by...
Day
Popularity
Type
Ratings
Length
Year
Community
Subscriptions
Recent Discussions
Orange Saloon
Badges
Playlists
Quests
Create
Leaderboards
Showdown
Live 5
Trivia Bingo
Activity
Puzzle Library
Sporcle Events
Private Events
Virtual Trivia
Globe League
Become a Host
Pub Owners
SporcleCon
Opinionation
Our Games
Videos
Blog
Mobile Apps
Partnerships
Remove Ads and Go Orange
Feedback
Sports
Athletes
MLB
NBA
NHL
NFL
Soccer
Sports Teams
WWE
NCAA
Football
Premier League
Basketball
Baseball
Hockey
Golf
Tennis
Cricket
Rugby
Auto Racing
Olympics
World Cup
Sports
Athletes
MLB
NBA
NHL
NFL
Soccer
Sports Teams
WWE
NCAA
Football
Premier League
Basketball
Baseball
Hockey
Golf
Tennis
Cricket
Rugby
Auto Racing
Olympics
World Cup
Random Quiz
Search Sporcle
×
Quiz Lab
Quiz Lab
Sports
South Holland
Type in answers that appear in a list
Type in answers that appear in a list
Classic
Best Score? Go Orange.
Feyenoord Coaches Stats
Can you name the Feyenoord Coaches? (1970-now)
By
Larzzz
5m
28 Questions
1,545 Plays
1,545 Plays
1,545 Plays
Comments
Comments
Give Quiz Kudos
Give Quiz Kudos
-
- Ratings
hide this ad
More Info
Replay
Link that replays current quiz
Next Quiz
Link to next quiz in quiz playlist
You Got
0%
They Got
Avg Score
49%
Avg Friend Score
Upgrade to see
Score Distribution
Jump to the score distribution portion of the page
Score
0/28
Timer
05:00
0
Plays Today
Year
Coach
% Correct
2021-
current
Arne Slot
99.1%
2019-
2021
Dick Advocaat
96.6%
2015-
2019
Giovanni van Bronckhorst
95.9%
2011-
2014
Ronald Koeman
93.7%
2005-
2007
Erwin Koeman
93.3%
2019-
2019
Jaap Stam
92.6%
2009-
2011
Mario Been
89.1%
2000-
2004
Bert van Marwijk
80.1%
2007-
2008
Bert van Marwijk
80.1%
1997-
2000
Leo Beenhakker
74.9%
2014-
2015
Fred Rutten
73.6%
1970-
1973
Ernst Happel
69.4%
1992-
1995
Willem van Hanegem
68.8%
2008-
2009
Gertjan Verbeek
66.7%
Year
Coach
% Correct
2004-
2005
Ruud Gullit
66.5%
1989-
1991
Pim Verbeek
65.7%
1995-
1997
Arie Haan
35.9%
1986-
1988
Rinus Israel
26.2%
1982-
1983
Hans Kraay
24.7%
1983-
1984
Thijs Libregts
21.9%
1989-
1991
Gunder Bengtsson
19.4%
1973-
1975
Will Coerver
17.4%
1988-
1989
Rob Jacobs
15.6%
1991-
1992
Hans Dorjee
9.8%
1981-
1982
Vaclav Jezek
9%
1978-
1980
Vaclav Jezek
9%
1976-
1978
Vujadin Boskov
7.9%
1975-
1976
Antoni Brzezanczyk
2.3%
Quiz Playlist
Details
Report
Send in Message
Add To Playlist
More Info:
Only regular coaches, no interim.
Classic:
Type in answers that appear in a list
Quiz Source
Last Updated: Dec 10, 2019
Quiz Scoreboard
CHALLENGE
Sign Up to Join the Scoreboard
Show All
Scores
Hide
Comments
May contain spoilers
Recently Published
1-10 Letter E Words III
by El_Dandy
Language
2m
One Thing in Common: World Cities II
by knightlancer
Geography
7m
Popular People in 1961
by mucciniale
History
6m
More to Explore
Quiz From the Vault
Featured Blog Post
Where Did the Easter Bunny Come From?
hide this ad
You Might Also Like...
Tags
dutch
Dutch Eredivisie
Dutch Soccer
Eredivisie
Feyenoord
holland
Nederland
South Holland
Today's Top Quizzes in Sports
Browse Sports
hide this ad
Top Contributed Quizzes in Sports
1
2022 World Cup Stars
2
Les entraîneurs de l'OM et du PSG au 21e siècle
3
FIFA Club World Cup Champions
4
Criteria MLB: Left Handed Sluggers
5
Les meilleurs buteurs des matchs entre le PSG et l’OM
6
Name the Premier League winners with different clubs
7
Players with Multiple 50 Home Run Seasons
8
MLB Players with Two .350 Batting Average Seasons
9
La finale Lions - Afrique du Sud 2021
10
MLB Hall of Famer by Rings
Explore More
Trending Topics
Crossword
Disney
Kpop
Anime
NBA
Marvel
Harry Potter
The Office
Song
Country
NFL
Puzzle
WWE
Pokémon
Soccer
hide this ad
More By:
Larzzz
Quiz
Plays
Rating
Category
Featured
Created
Which player is missing? (Champions League) - I
8,229
5.00
Sports
Aug 13, 2020
Which player is missing? (World Cup)
2,997
5.00
Sports
Oct 1, 2020
Which player is missing? (UEFA Cup/Europa League)
2,508
5.00
Sports
Aug 19, 2020
Which player is missing? (FA Cup)
2,213
5.00
Sports
Aug 22, 2020
Feyenoord Coaches
1,545
4.50
Sports
Jul 18, 2017
Go to Creator's Profile
Score Distribution
Quiz Creator Spotlight
Larzzz
Follow
Send a Message
Quizzes Created
-
Created Quiz Play Count
-
More By This Creator
Popular Quizzes Today
1
Find the US States - No Outlines Minefield
2
The Countries of the World
3
Popular People in 1961
4
Find the Countries of Europe - No Outlines Minefield
5
1-10 Letter E Words III
6
Find the US States
7
One Thing in Common: World Cities II
8
US States
More Sports Quizzes
MLB: Top Seasons for 'T' Players
Quiz Lab
Trending Quizzes
1-10 Letter F Words
1-10 Letter G Words
Risky Map Clicking: Next State Alphabetically
1-10 Letter F Words II
Risky Map Clicking: States by Unique Starting Letters
Recently Updated
Leaping Animals
pecheneg
Reality TV Shows (A-Z)
bhenderson79
Rickey Henderson's Hall of Fame Teammates
pecheneg
Champions League XIs: Arsenal
pecheneg
Quick Pick: Celebrities in WWE's Hall of Fame
aduchscher
A-Z Keypad Blitz II
pecheneg
Multiple Oscar Actors
pecheneg
Mystery Phrase Blitz: Oscar 'Best Actors'
pecheneg
F. Scott Fitzgerald Novels
LTH
Pick 3 Villains
ddd62291
Trending Topics
Harry Potter
Disney
Crossword
Anime
Marvel
NBA
Kpop
WWE
Country
Soccer
Song
The Office
Pokémon
Puzzle
NFL
Your Account Isn't Verified!
In order to create a playlist on Sporcle, you need to verify the email address you used during registration. Go to your
Sporcle Settings
to finish the process.
Report this User
Report this user for behavior that violates our
Community Guidelines
.
Details:
Send Report
Go to the Sporcle.com Mobile Site →
Comments